| 000 | 00617nam a22002177a 4500 | ||
|---|---|---|---|
| 003 | UA-OsUOA | ||
| 001 | 101300 | ||
| 007 | ta | ||
| 008 | 20130612b un ||||| |||| 00| 0 ukr d | ||
| 090 |
_a(031)1 _bФ56 |
||
| 942 | _cBK | ||
| 040 |
_aUA-OsUOA _brus _cUA-OsUOA _dUA-OsUOA |
||
| 245 |
_aФилософская энциклопедия _cгл. ред. Ф. В. Константинов _nТ. 1 |
||
| 300 | _a503 с. | ||
| 955 | _a2 | ||
| 041 | _arus | ||
| 080 | _a(031)1 | ||
| 260 |
_aМ. _bСоветская энциклопедия _c1960 |
||
| 650 | 7 |
_a0 Загальний відділ. _2UDC |
|
| 999 |
_c387493 _d387493 |
||